El ABC de la fotografía

Zapisane w:
Opis bibliograficzny
1. autor: Mackie, Mandy (autora)
Format: Książka
Język:hiszpański
Wydane: Londres Phaidon 2015
Wydanie:2a. ed
Hasła przedmiotowe:
Etykiety: Dodaj etykietę
Nie ma etykietki, Dołącz pierwszą etykiete!

MARC

LEADER 00000cam a2200000 a 4500
001 UCD0374
003 CL-VaPUC
008 151127e20150000uk |||||||||||||||||spa|d
020 |a 9780714870083 
082 0 4 |a 770.9  |b MAC  |2 21 
100 |a Mackie, Mandy  |e autora  |9 583364 
245 1 3 |a El ABC de la fotografía 
250 |a 2a. ed 
300 |a 575 p 
942 |c BK 
945 |d 20151127 13:45:00  |a dcastane 
260 |a Londres  |b Phaidon  |c 2015 
650 0 |a Fotografía  |9 268495 
650 0 |a Historia de la fotografía  |9 494165 
650 0 |a Fotógrafos  |9 327623 
583 |a last modification  |c 20151127 13:45:00  |k Rodrigo Vera 
999 |c 361939  |d 361937 
952 |0 0  |1 0  |3 erd  |4 0  |6 770_900000000000000_MAC_2015  |7 0  |8 R  |9 472694  |a BIBART  |b BIBART  |i 5252377  |l 4  |o 770.9 MAC 2015  |p 5252377  |r 2025-03-13  |s 2023-12-05  |w 2019-11-24  |y BK_R  |z Catalogado en:20151127  |k ART